| 000 | 03052cam a2200457 i 4500 | ||
|---|---|---|---|
| 001 | 20595436 | ||
| 003 | NUST | ||
| 005 | 20220828182330.0 | ||
| 008 | 180723s2018 nyu 000 p eng | ||
| 010 | _a 2018028191 | ||
| 020 | _a9781501179525 (hardcover) | ||
| 020 | _z9781501179549 (ebook) | ||
| 038 | _aAzhar | ||
| 040 |
_aDLC _beng _cDLC _erda _dDLC |
||
| 041 | 1 |
_aeng _aspa _heng |
|
| 042 | _apcc | ||
| 050 | 0 | 0 |
_aPS3573.A425 _bA57 2018 |
| 082 | 0 | 0 |
_a811.54 _223 _bWAL |
| 084 |
_aPOE005050 _2bisacsh |
||
| 100 | 1 |
_aWalker, Alice, _d1944- _eauthor. _994766 |
|
| 245 | 1 | 0 |
_aTaking the arrow out of the heart : _bpoems _cAlice Walker ; translated by Manuel Garcia Verdecia. |
| 250 | _aFirst 37 Ink/Atria Books hardcover edition. | ||
| 260 |
_aNew York : _b37 Ink/Atria Books, _c2018 |
||
| 300 |
_axxvi, 259 p _c25 cm |
||
| 336 |
_atext _btxt _2rdacontent |
||
| 337 |
_aunmediated _bn _2rdamedia |
||
| 338 |
_avolume _bnc _2rdacarrier |
||
| 500 | _aPoems were translated into Spanish by the Cuban poet and translator Manuel García Verdecia. | ||
| 520 |
_a"Alice Walker, author of the National Book Award and Pulitzer Prize-winning The Color Purple--"an American novel of permanent importance" (San Francisco Chronicle)--crafts a bilingual collection that is both playfully imaginative and intensely moving. Presented in both English and Spanish, Alice Walker shares a timely collection of nearly seventy works of passionate and powerful poetry that bears witness to our troubled times, while also chronicling a life well-lived. From poems of painful self-inquiry, to celebrating the simple beauty of baking frittatas, Walker offers us a window into her magical, at times difficult, and liberating world of activism, love, hope and, above all, gratitude. Whether she's urging us to preserve an urban paradise or behold the delicate necessity of beauty to the spirit, Walker encourages us to honor the divine that lives inside all of us and brings her legendary free verse to the page once again, demonstrating that she remains a revolutionary poet and an inspiration to generations of fans"-- _cProvided by publisher. |
||
| 546 | _aThe poems are in English and Spanish. | ||
| 563 | _aHB | ||
| 600 | 1 | 0 |
_aWalker, Alice, _d1944- _vTranslations into Spanish. _994767 |
| 650 | 7 |
_aPOETRY / American / African American. _2bisacsh _994768 |
|
| 700 | 1 |
_aGarcía Verdecia, Manuel, _d1953- _etranslator. _994769 |
|
| 700 | 1 | 2 |
_aWalker, Alice, _d1944- _tPoems. _kSelections. _994770 |
| 700 | 1 | 2 |
_aWalker, Alice, _d1944- _tPoems. _kSelections. _lSpanish. _994771 |
| 776 | 0 | 8 |
_iOnline version: _aWalker, Alice, 1944- author. _tTaking the arrow out of the heart _bFirst 37 Ink/Atria Books hardcover edition _dNew York : 37 Ink/Atria Books, 2018 _z9781501179549 _w(DLC) 2018048070 |
| 906 |
_a7 _bcbc _corignew _d1 _eecip _f20 _gy-gencatlg |
||
| 942 |
_2ddc _cLC |
||
| 999 |
_c590553 _d590553 |
||